000 00343nam a22001337a 4500
020 _qHB.
040 _cFIZZA ISHAQ
082 _a6.680
_bJ.H
100 _aNELSON,L.R.BRISCH H.J.
_990387
245 _aMOSONRY MATERIALS TESTING AND APPLICATIONS /
_cJ.H.BRISCH,R.L NELSON.
260 _aASTM ;
_c1999.
300 _a161 P. ;
942 _2ddc
_cBK
999 _c588632
_d588632